Hierarchies of predicates of finite types

Αποθηκεύτηκε σε:
Λεπτομέρειες βιβλιογραφικής εγγραφής
Κύριος συγγραφέας: Clarke, Douglas Albert
Μορφή: Βιβλίο
Γλώσσα:English
Δημοσίευση: Providence, R.I. : American Mathematical Society, 1964
Σειρά:Memoirs of the American Mathematical Society ; ; 51
Θέματα:
Ετικέτες: Προσθήκη ετικέτας
Δεν υπάρχουν, Καταχωρήστε ετικέτα πρώτοι!

MARC

LEADER 00000nam a2200000 i 4500
001 1/27408
008 960425s1964 eng d
035 |a 1993  |l 10037819 
040 |a GR-MY-UA  |b gre  |e aacr 
041 0 |a eng 
082 0 |a 512.7 
100 1 |a Clarke, Douglas Albert. 
245 1 0 |a Hierarchies of predicates of finite types /  |c D.A. Clarke 
260 |a Providence, R.I. :   |b American Mathematical Society,   |c 1964 
300 |a 95 σ.;  |c 26 εκ. 
490 1 |a Memoirs of the American Mathematical Society  |v ; 51 
504 |a Βιβλιογραφία: σ. 93-95 
650 0 0 |a Number theory. 
650 0 0 |a Recursive functions. 
830 0 |a Memoirs of the American Mathematical Society ;  |v ; 51 
852 |a INST  |b SAMOS  |e 19960425  |h 512.7 CLA  |p 005300002689  |q 005300002689  |t BK  |y 0 
909 |a Σ  |b 030522